[Event "Sao Bento do Sul op"]
[Site "Sao Bento do Sul"]
[Date "2019.08.24"]
[Round "4"]
[White "Hille, Willian Henrique"]
[Black "Canalli, Juliano Jose"]
[Result "1/2-1/2"]
[WhiteElo "2013"]
[BlackElo "1989"]
[PlyCount "132"]
[EventDate "2019.08.23"]
[EventType "swiss"]
[EventRounds "7"]
[EventCountry "BRA"]
[SourceTitle "EXT 2020"]
[Source "ChessBase"]
[SourceDate "2019.10.17"]
[SourceVersion "1"]
[SourceVersionDate "2019.10.17"]
[SourceQuality "1"]

1. g3 d5 2. Bg2 g6 3. c4 Nf6 4. d4 c6 5. Bg5 Nbd7 6. Nc3 Bg7 7. Qb3 dxc4 8. Qxc4 0-0 9. Nf3 Nb6 10. Qd3 Be6 11. 0-0 Rc8 12. Rfd1 Nbd5 13. Nxd5 cxd5 14. Qa3 a6 15. Bd2 Re8 16. Ba5 b6 17. Be1 a5 18. Rac1 Qd7 19. Ne5 Qb7 20. e3 Bg4 21. Nxg4 Nxg4 22. Qb3 e6 23. h3 Nf6 24. Bxa5 Ra8 25. Be1 Qa6 26. a3 Bf8 27. Bf1 Qa7 28. Bb5 Rec8 29. Kg2 Ne4 30. Bb4 Bxb4 31. Qxb4 h5 32. h4 Rc7 33. f3 Nf6 34. Rc3 Rac8 35. Rdc1 Kg7 36. Bd3 Nd7 37. Bb5 Nf6 38. a4 Ng8 39. Qa3 Ne7 40. Kf2 Nf5 41. Qb4 Qb8 42. f4 Rxc3 43. Rxc3 Nd6 44. Bd3 Rxc3 45. Qxc3 Qa7 46. b3 Kf8 47. Qc6 Ke7 48. b4 Qb7 49. Qxb7+ Nxb7 50. Ke1 Kd7 51. Bb5+ Kc7 52. Bd3 Nd6 53. Kd2 Kc6 54. Kc3 Kc7 55. Kb3 Kb7 56. Kc3 Kc7 57. Kd2 f5 58. g4 hxg4 59. Ke1 Kd7 60. Kf2 Kc7 61. Bf1 Ne8 62. Kg2 Nd6 63. Kf2 b5 64. a5 Kc6 65. Bd3 Ne8 66. Ke2 Nc7 1/2-1/2

[Event "Sao Jose dos Pinhais U2200"]
[Site "Sao Jose dos Pinhais"]
[Date "2019.05.26"]
[Round "6"]
[White "Canalli, Juliano Jose"]
[Black "Salvadego, Matheus Henrique De"]
[Result "1-0"]
[WhiteElo "1985"]
[BlackElo "1947"]
[PlyCount "71"]
[EventDate "2019.05.24"]
[EventType "swiss"]
[EventRounds "7"]
[EventCountry "BRA"]
[SourceTitle "EXT 2020"]
[Source "ChessBase"]
[SourceDate "2019.10.17"]
[SourceVersion "1"]
[SourceVersionDate "2019.10.17"]
[SourceQuality "1"]

1. e4 c5 2. Nf3 d6 3. d4 cxd4 4. Nxd4 Nf6 5. Nc3 g6 6. f3 Bg7 7. Be3 Nc6 8. Qd2 0-0 9. g4 Bxg4 10. fxg4 Nxg4 11. Nde2 Nce5 12. Nd4 Nxe3 13. Qxe3 Qb6 14. 0-0-0 Nc6 15. Nce2 e5 16. Nf5 gxf5 17. Qg5 Qd8 18. Qxf5 Kh8 19. Bh3 Ne7 20. Qh5 Qb6 21. Rd3 d5 22. exd5 Rad8 23. Rhd1 Rd6 24. Ng3 Rh6 25. Qg4 f5 26. Qg5 e4 27. Rb3 Qd6 28. Nxf5 Nxf5 29. Bxf5 Rhf6 30. Rxb7 Rg8 31. Kb1 Qa6 32. Rd7 Rb6 33. b3 Qe2 34. Rg1 Rxb3+ 35. axb3 Qa6 36. Rxg7 1-0

[Event "Concordia op 5th"]
[Site "Concordia"]
[Date "2019.05.02"]
[Round "3"]
[White "Jimenez, Joaquin Rodrigo"]
[Black "Canalli, Juliano Jose"]
[Result "1-0"]
[WhiteElo "2247"]
[BlackElo "1985"]
[PlyCount "143"]
[EventDate "2019.05.01"]
[EventType "swiss"]
[EventRounds "9"]
[EventCountry "BRA"]
[SourceTitle "CBM 190 Extra"]
[Source "ChessBase"]
[SourceDate "2019.07.15"]
[SourceVersion "1"]
[SourceVersionDate "2019.07.15"]
[SourceQuality "1"]

1. e4 e6 2. d4 d5 3. e5 c5 4. c3 Qb6 5. Nf3 Bd7 6. a3 Bb5 7. c4 Bxc4 8. Bxc4 dxc4 9. dxc5 Bxc5 10. 0-0 Qb3 11. Qxb3 cxb3 12. Nbd2 Nc6 13. Nxb3 Bb6 14. Bd2 Nge7 15. Rac1 0-0 16. Nc5 Bxc5 17. Rxc5 Rfd8 18. Bg5 Kf8 19. Rfc1 Rd7 20. g4 Rad8 21. Kg2 h6 22. Be3 Nd5 23. Bd2 a6 24. h4 Nde7 25. R1c2 Rd3 26. R5c3 Ng6 27. Rxd3 Rxd3 28. Bc3 Ke8 29. h5 Nf4+ 30. Kg3 Nd5 31. Rd2 Rxd2 32. Bxd2 b5 33. Kg2 a5 34. Kf1 b4 35. axb4 axb4 36. Ke2 Kd7 37. Kd3 Kc7 38. Ke4 Na5 39. g5 hxg5 40. Nxg5 f5+ 41. Kd3 Kd7 42. Nh7 Ke7 43. Bg5+ Kf7 44. Bd2 Ke7 45. Ng5 Kd7 46. Nf3 Nc6 47. Kc4 Nb6+ 48. Kb5 Nd5 49. Kc5 Nc7 50. Be3 Nd5 51. Bg5 Kc7 52. Nd4 Nxd4 53. Kxd4 Kc6 54. Kc4 Kd7 55. Kc5 Kc7 56. Bd2 Kd7 57. Kc4 Kc6 58. b3 Kb6 59. Bxb4 Nf4 60. Bd2 Nxh5 61. Bg5 g6 62. Bh6 g5 63. Bxg5 Ng7 64. b4 Ne8 65. b5 Ng7 66. Bd8+ Kb7 67. Kc5 f4 68. Kd6 f3 69. Bf6 Nf5+ 70. Kxe6 Nd4+ 71. Kd7 Nxb5 72. e6 1-0

[Event "Florianopolis Regional STD op"]
[Site "Florianopolis"]
[Date "2018.10.13"]
[Round "4"]
[White "Canalli, Juliano Jose"]
[Black "Da Cruz, Karoliny Taiane"]
[Result "1-0"]
[WhiteElo "1988"]
[BlackElo "1770"]
[PlyCount "89"]
[EventDate "2018.10.12"]
[EventType "swiss"]
[EventRounds "6"]
[EventCountry "BRA"]
[SourceTitle "CBM 186 Extra"]
[Source "ChessBase"]
[SourceDate "2018.08.24"]
[SourceVersion "1"]
[SourceVersionDate "2018.08.24"]
[SourceQuality "1"]

1. e4 e5 2. Nf3 Nc6 3. d4 exd4 4. Nxd4 Bc5 5. Nxc6 Qf6 6. Qf3 dxc6 7. Nc3 Qxf3 8. gxf3 Be6 9. a3 0-0-0 10. Bd3 Nf6 11. Be3 Bxe3 12. fxe3 Rhe8 13. 0-0-0 Nd7 14. Rhg1 g6 15. Rde1 Ne5 16. Be2 Bc4 17. f4 Bxe2 18. Rxe2 Nc4 19. a4 Rd6 20. b3 Nb6 21. e5 Rd7 22. Ne4 Rdd8 23. Ng5 Rd7 24. Nxh7 Rh8 25. Nf6 Rdd8 26. c4 Nd7 27. Ne4 Nf8 28. Ng5 Rd7 29. Rd1 Re7 30. Red2 Ne6 31. Ne4 Rd8 32. Rxd8+ Nxd8 33. Nf6 Ne6 34. h4 Ng7 35. Kd2 c5 36. Ke2 Nf5 37. Rg1 Nxh4 38. e4 c6 39. Rg4 g5 40. Rxg5 Ng6 41. Ke3 Kc7 42. Ng8 Rd7 43. e6 Rd8 44. exf7 Nf8 45. Nf6 1-0

[Event "Caioba Telecom op"]
[Site "Caioba"]
[Date "2018.08.04"]
[Round "7"]
[White "Do Prado, Hamilton Mesquita"]
[Black "Canalli, Juliano Jose"]
[Result "0-1"]
[WhiteElo "1702"]
[BlackElo "1986"]
[PlyCount "126"]
[EventDate "2018.08.01"]
[EventType "swiss"]
[EventRounds "9"]
[EventCountry "BRA"]
[SourceTitle "CBM 186 Extra"]
[Source "ChessBase"]
[SourceDate "2018.08.24"]
[SourceVersion "1"]
[SourceVersionDate "2018.08.24"]
[SourceQuality "1"]

1. d4 d5 2. Bf4 Nf6 3. e3 e6 4. Nd2 c5 5. c3 Nc6 6. Bd3 cxd4 7. exd4 h6 8. h3 Bd6 9. Bxd6 Qxd6 10. Ngf3 0-0 11. Qe2 Bd7 12. Ne5 a6 13. a4 b5 14. axb5 axb5 15. 0-0 b4 16. Nb3 Rfb8 17. Nc5 Be8 18. Rfb1 bxc3 19. bxc3 Rxa1 20. Rxa1 Nxe5 21. dxe5 Qxc5 22. exf6 Qxc3 23. Ra7 Qxf6 24. Bc2 Rc8 25. Qd3 g6 26. Ra2 Kg7 27. Qd2 Qc3 28. Qe2 Qd4 29. Qe1 Qc4 30. Qb1 Qf4 31. Ra3 Qd2 32. Ra2 d4 33. Bd1 Rc1 34. Rxd2 Rxb1 35. Kh2 e5 36. Bf3 f5 37. Bd5 Bf7 38. Bc6 Kf6 39. f4 Re1 40. fxe5+ Kxe5 41. Kg3 Bd5 42. Kf2 Re3 43. Be8 g5 44. Bh5 Ra3 45. Re2+ Be4 46. Rb2 Ra6 47. Rb5+ Kd6 48. Bf3 Ke6 49. Rc5 Rd6 50. Ke2 Bxf3+ 51. gxf3 d3+ 52. Kd2 h5 53. Ra5 h4 54. Rb5 Kf6 55. Ra5 f4 56. Rb5 Re6 57. Rd5 Re2+ 58. Kd1 Re3 59. Rd6+ Ke5 60. Ra6 Rxf3 61. Ra5+ Kf6 62. Ra6+ Kf5 63. Ra5+ Kg6 0-1

[Event "Caioba Telecom op"]
[Site "Caioba"]
[Date "2018.08.02"]
[Round "4"]
[White "Canalli, Juliano Jose"]
[Black "Rodi, Luis Ernesto"]
[Result "0-1"]
[WhiteElo "1986"]
[BlackElo "2308"]
[PlyCount "68"]
[EventDate "2018.08.01"]
[EventType "swiss"]
[EventRounds "9"]
[EventCountry "BRA"]
[SourceTitle "CBM 186 Extra"]
[Source "ChessBase"]
[SourceDate "2018.08.24"]
[SourceVersion "1"]
[SourceVersionDate "2018.08.24"]
[SourceQuality "1"]

1. e4 c6 2. d4 d5 3. exd5 cxd5 4. Bd3 Nc6 5. c3 Qc7 6. Ne2 Bg4 7. 0-0 Nf6 8. Bf4 Qxf4 9. Nxf4 Bxd1 10. Rxd1 e6 11. Nd2 Bd6 12. Ne2 Ke7 13. Re1 Rhc8 14. f4 g6 15. g3 Nd7 16. Kg2 a6 17. a4 f5 18. Ng1 Nf6 19. Ngf3 Ne4 20. Nf1 Rd8 21. a5 Bc7 22. Ne3 Nxa5 23. c4 Rac8 24. cxd5 exd5 25. Rec1 Bb6 26. Ra4 Rd6 27. Rb1 Bd8 28. Ne5 b5 29. Raa1 Ke6 30. h3 Nc6 31. Nxc6 Rdxc6 32. g4 Be7 33. b4 Bf6 34. Rb3 Bxd4 0-1

[Event "Caioba Telecom op"]
[Site "Caioba"]
[Date "2018.08.02"]
[Round "3"]
[White "De Bem, Lais Colin"]
[Black "Canalli, Juliano Jose"]
[Result "0-1"]
[WhiteElo "1552"]
[BlackElo "1986"]
[PlyCount "56"]
[EventDate "2018.08.01"]
[EventType "swiss"]
[EventRounds "9"]
[EventCountry "BRA"]
[SourceTitle "CBM 186 Extra"]
[Source "ChessBase"]
[SourceDate "2018.08.24"]
[SourceVersion "1"]
[SourceVersionDate "2018.08.24"]
[SourceQuality "1"]

1. c4 c5 2. Nf3 Nf6 3. e3 Nc6 4. d4 cxd4 5. exd4 d5 6. Be3 g6 7. h3 Bg7 8. Nc3 0-0 9. Bd3 b6 10. 0-0 dxc4 11. Bxc4 Bb7 12. Rc1 Rc8 13. Qa4 Na5 14. Be2 a6 15. Ne5 b5 16. Qd1 Nd5 17. Bd2 Nf6 18. Be3 Nd7 19. Bd2 Nf6 20. Be3 Nd7 21. b4 Nxe5 22. dxe5 Nc4 23. Bc5 Nxe5 24. Qxd8 Rfxd8 25. Bxe7 Re8 26. Bc5 Nd7 27. Rfe1 Nxc5 28. bxc5 Rxc5 0-1

[Event "Brazil Foz do Iguacu op"]
[Site "Foz do Iguacu"]
[Date "2018.05.18"]
[Round "5"]
[White "Canalli, Juliano Jose"]
[Black "Azevedo, Hugo Daniel de Oliv"]
[Result "1/2-1/2"]
[WhiteElo "1971"]
[BlackElo "1650"]
[PlyCount "172"]
[EventDate "2018.05.16"]
[EventType "swiss"]
[EventRounds "9"]
[EventCountry "BRA"]
[SourceTitle "CBM 184 Extra"]
[Source "ChessBase"]
[SourceDate "2018.06.28"]
[SourceVersion "1"]
[SourceVersionDate "2018.06.28"]
[SourceQuality "1"]

1. e4 e5 2. Nf3 Nc6 3. d4 exd4 4. Nxd4 Qh4 5. Qd3 Bc5 6. c3 Nf6 7. Nd2 Ne5 8. Qg3 Qxg3 9. hxg3 d5 10. exd5 0-0 11. N4b3 Bb6 12. Be2 Re8 13. 0-0 Bg4 14. Bb5 Bd7 15. Bxd7 Nfxd7 16. Nf3 Ng4 17. Nbd4 Nde5 18. Bf4 Nd3 19. b3 Nxf4 20. gxf4 Rad8 21. Rfe1 Kf8 22. Rxe8+ Rxe8 23. Rd1 h6 24. g3 a6 25. Rd2 Rd8 26. c4 Re8 27. Kg2 Re4 28. b4 a5 29. a3 g6 30. c5 Ba7 31. Nb5 Bb8 32. bxa5 Ra4 33. d6 cxd6 34. cxd6 Ke8 35. Nc7+ Kd8 36. Nd5 Rxa5 37. Ne1 Kd7 38. Nc2 Bxd6 39. f3 Rxd5 40. Rxd5 Nf6 41. Rb5 Kc7 42. Rb3 Bc5 43. Nb4 b6 44. Nd3 Nd7 45. Ne5 Nxe5 46. fxe5 Kc6 47. a4 Kd5 48. f4 Kc4 49. Rb5 h5 50. Kf3 Kd4 51. a5 bxa5 52. Rxa5 Kd5 53. Ra6 Be7 54. Ra7 Ke6 55. Ke4 Bc5 56. Ra6+ Ke7 57. f5 gxf5+ 58. Kxf5 Bf2 59. Ra3 h4 60. gxh4 Bxh4 61. Ra7+ Ke8 62. Ra8+ Kd7 63. Ra4 Bd8 64. Ra7+ Ke8 65. Ke4 Kf8 66. Ra8 Ke7 67. Kd5 Kd7 68. Ra7+ Bc7 69. Rb7 Kd8 70. Rb3 Kd7 71. Rf3 Ke8 72. Ke4 Ke7 73. Kf5 Bd8 74. Rd3 Bc7 75. Rc3 Bd8 76. Rb3 Kf8 77. Rb8 Ke7 78. Ra8 Kd7 79. Ra6 Ke7 80. Rd6 Bc7 81. Rc6 Bd8 82. Ke4 Kd7 83. Kd5 Ke7 84. Ra6 Kd7 85. Ra7+ Bc7 86. Rb7 Kd8 1/2-1/2

[Event "Maringa Parana-ch"]
[Site "Maringa"]
[Date "2018.02.04"]
[Round "8"]
[White "Shibata, Antonio Emilio"]
[Black "Canalli, Juliano Jose"]
[Result "1/2-1/2"]
[WhiteElo "1895"]
[BlackElo "1984"]
[PlyCount "61"]
[EventDate "2018.01.31"]
[EventType "swiss"]
[EventRounds "8"]
[EventCountry "BRA"]
[SourceTitle "CBM 182 Extra"]
[Source "ChessBase"]
[SourceDate "2018.02.23"]
[SourceVersion "1"]
[SourceVersionDate "2018.02.23"]
[SourceQuality "1"]

1. b3 e5 2. Bb2 Nc6 3. e3 d6 4. Bb5 Bd7 5. Ne2 a6 6. Bxc6 Bxc6 7. 0-0 Ne7 8. d4 f6 9. c4 Nf5 10. Nbc3 Be7 11. e4 Nh6 12. Nd5 0-0 13. Nec3 Bd7 14. Ba3 Rf7 15. Qd2 Bf8 16. Rfd1 c6 17. Ne3 Qa5 18. b4 Qc7 19. Rac1 Qb6 20. c5 dxc5 21. Na4 Qc7 22. dxc5 Be6 23. Nb6 Rb8 24. Nec4 Be7 25. Rc3 Rff8 26. Bc1 Nf7 27. a3 Rfd8 28. Qe2 Rxd1+ 29. Qxd1 Rd8 30. Rd3 Rxd3 31. Qxd3 1/2-1/2

[Event "Maringa Parana-ch"]
[Site "Maringa"]
[Date "2018.02.02"]
[Round "5"]
[White "Canalli, Juliano Jose"]
[Black "Santos, Renan de Souza"]
[Result "1-0"]
[WhiteElo "1984"]
[BlackElo "1651"]
[PlyCount "69"]
[EventDate "2018.01.31"]
[EventType "swiss"]
[EventRounds "8"]
[EventCountry "BRA"]
[SourceTitle "CBM 182 Extra"]
[Source "ChessBase"]
[SourceDate "2018.02.23"]
[SourceVersion "1"]
[SourceVersionDate "2018.02.23"]
[SourceQuality "1"]

1. e4 e6 2. d4 d5 3. Nd2 Nf6 4. e5 Nfd7 5. Bd3 c5 6. c3 Nc6 7. Ne2 Qb6 8. Nf3 cxd4 9. cxd4 Bb4+ 10. Bd2 h6 11. a3 Be7 12. b4 a6 13. 0-0 g5 14. Be3 g4 15. Ne1 h5 16. Nc2 Qd8 17. f4 f5 18. exf6 Bxf6 19. Ng3 Nf8 20. f5 e5 21. dxe5 Bxe5 22. Qe2 Qf6 23. Rae1 Kf7 24. Bf4 Nd7 25. Ne3 Qd6 26. Nxd5 Bxf4 27. Nxf4 Nde5 28. Rd1 Nd4 29. Bc4+ Kf6 30. Nfxh5+ Rxh5 31. Nxh5+ Kg5 32. Qe3+ Kxh5 33. Rxd4 Nxc4 34. Qe8+ Kh4 35. Rxd6 1-0

[Event "Maringa Parana-ch"]
[Site "Maringa"]
[Date "2018.01.31"]
[Round "1"]
[White "Canalli, Juliano Jose"]
[Black "Borges, Lucas Silvestre"]
[Result "1/2-1/2"]
[WhiteElo "1984"]
[BlackElo "1800"]
[PlyCount "59"]
[EventDate "2018.01.31"]
[EventType "swiss"]
[EventRounds "8"]
[EventCountry "BRA"]
[SourceTitle "CBM 182 Extra"]
[Source "ChessBase"]
[SourceDate "2018.02.23"]
[SourceVersion "1"]
[SourceVersionDate "2018.02.23"]
[SourceQuality "1"]

1. e4 c5 2. Nc3 Nc6 3. f4 g6 4. Nf3 Bg7 5. Bc4 e6 6. 0-0 Nge7 7. e5 d5 8. exd6 Nf5 9. Bb5 Nxd6 10. Bxc6+ bxc6 11. d3 0-0 12. Kh1 c4 13. d4 Nf5 14. Ne2 c5 15. dxc5 Qc7 16. Ng3 Nxg3+ 17. hxg3 Rd8 18. Qe2 Qxc5 19. c3 Bb7 20. Be3 Bxf3 21. Qxf3 Qb5 22. Rf2 a5 23. Rd2 Rab8 24. Rad1 Rd3 25. Rxd3 cxd3 26. Rd2 Qc4 27. a3 a4 28. Qf2 Rb5 29. Qf3 Rd5 30. Qd1 1/2-1/2

[Event "Curitiba Sul Regional-ch"]
[Site "Curitiba"]
[Date "2015.07.11"]
[Round "3"]
[White "Canalli, Juliano Jose"]
[Black "Cunha, Lucas Aguiar"]
[Result "0-1"]
[WhiteElo "2016"]
[BlackElo "2289"]
[PlyCount "47"]
[EventDate "2015.07.10"]
[EventType "swiss"]
[EventRounds "6"]
[EventCountry "BRA"]
[SourceTitle "EXT 2016"]
[Source "ChessBase"]
[SourceDate "2015.10.08"]
[SourceVersion "1"]
[SourceVersionDate "2015.10.08"]
[SourceQuality "1"]

1. e4 c5 2. Nf3 e6 3. d4 cxd4 4. Nxd4 Nc6 5. Be3 Qc7 6. c3 Nf6 7. Nd2 Be7 8. Be2 0-0 9. 0-0 a6 10. a4 d6 11. Re1 Re8 12. f4 e5 13. Nc2 d5 14. fxe5 Nxe5 15. exd5 Nxd5 16. Bd4 Bg5 17. Rb1 Nf4 18. Bf3 Bf5 19. Be4 Ng4 20. g3 Rxe4 21. Nxe4 Nh3+ 22. Kg2 Bxe4+ 23. Kxh3 h5 24. Qf3 0-1